Denver Broncos 2024-25 Roster - Statistics

General Stats
  • This quiz has been taken 247 times
  • The average score is 22 of 36
Answer Stats
Hint Answer % Correct
QB Bo Nix
99%
WR Courtland Sutton
96%
RB Javonte Williams
88%
CB Pat Surtain
88%
WR Marvin Mims
83%
OLB Nik Bonitto
79%
WR Troy Franklin
79%
CB Riley Moss
78%
RB Jaleel McLaughlin
77%
K Will Lutz
76%
WR Devaughn Vele
73%
RB Audric Estime
71%
LT Garrett Bolles
70%
DE Zach Allen
70%
FS Brandon Jones
68%
NT DJ Jones
66%
RG Quinn Meinerz
66%
TE Adam Trautman
63%
RT Mike McGlinchey
62%
SS PJ Locke
61%
OLB Jonathan Cooper
60%
WR Lil'Jordan Humphrey
60%
FB Michael Burton
59%
LG Ben Powers
56%
P Riley Dixon
56%
ILB Cody Barton
54%
FB/TE Nate Adkins
49%
CB Ja'Quan McMillian
47%
TE Lucas Krull
47%
C Luke Wattenberg
47%
DE John Franklin-Myers
46%
ILB Justin Strnad
44%
NT Malcolm Roach
33%
OLB Jonah Elliss
30%
LS Mitchell Fraboni
27%
OLB Dondrea Tillman
21%
No matching quizzes found
Score Distribution
Percent of People with Each Score
Percentile by Number Answered
Your Score History
You have not taken this quiz